Catálogo público

Café : bibliografía de las publicaciones que se encuentran en la biblioteca del instituto / (Record no. 170544)

MARC details
000 -CABECERA
campo de control de longitud fija 00956nam a2200253Ia 4500
001 - NÚMERO DE CONTROL
campo de control dia_113
003 - IDENTIFICADOR DEL NÚMERO DE CONTROL
campo de control CHAP
005 - FECHA Y HORA DE LA ÚLTIMA TRANSACCIÓN
campo de control 20221206142211.0
008 - DATOS DE LONGITUD FIJA--INFORMACIÓN GENERAL
campo de control de longitud fija 220117s1960 xx 000 0 und d
010 ## - NÚMERO DE CONTROL DE LA BIBLIOTECA DEL CONGRESO
Número de control de LC 170544
040 ## - FUENTE DE LA CATALOGACIÓN
Centro/agencia transcriptor CHAP
082 ## - NÚMERO DE LA CLASIFICACIÓN DECIMAL DEWEY
Número de clasificación C 633.73 C34 1960
110 ## - ENTRADA PRINCIPAL--NOMBRE DE ENTIDAD CORPORATIVA
Nombre de entidad corporativa o nombre de jurisdicción como elemento de entrada Costa Rica. Instituto Interamericano de Ciencias Agrícolas, Biblioteca Conmemorativa Orton
9 (RLIN) 147228
245 ## - MENCIÓN DE TÍTULO
Título Café : bibliografía de las publicaciones que se encuentran en la biblioteca del instituto /
Mención de responsabilidad, etc. Instituto Interamericano de Ciencias Agrícolas
260 ## - PUBLICACIÓN, DISTRIBUCIÓN, ETC.
Lugar de publicación, distribución, etc. Turrialba, Costa Rica :
Nombre del editor, distribuidor, etc. IICA,
Fecha de publicación, distribución, etc. 1960
300 ## - DESCRIPCIÓN FÍSICA
Extensión 637 p.
590 ## - NOTA LOCAL (RLIN)
Nota local C SB269 C34 1960
650 ## - PUNTO DE ACCESO ADICIONAL DE MATERIA--TÉRMINO DE MATERIA
Término de materia o nombre geográfico como elemento de entrada Café
Subdivisión general Bibliografía
9 (RLIN) 17112
710 ## - PUNTO DE ACCESO ADICIONAL--NOMBRE DE ENTIDAD CORPORATIVA
Nombre de entidad corporativa o nombre de jurisdicción como elemento de entrada Costa Rica. Instituto Interamericano de Ciencias Agrícolas, Biblioteca Conmemorativa Orton
9 (RLIN) 147228
901 ## - ELEMENTOS DE DATOS A LOCAL LDA (RLIN)
a C 633.73 C34 1960
902 ## - ELEMENTOS DE DATOS B LOCAL, LDB (RLIN)
a M
905 ## - ELEMENTOS DE DATOS E LOCAL, LDE (RLIN)
a 5232271960 cr x 8232223322spa16
942 ## - ELEMENTOS DE PUNTO DE ACCESO ADICIONAL (KOHA)
Tipo de ítem Koha Libro
Fuente del sistema de clasificación o colocación Dewey Decimal Classification
Holdings
Estado de retiro Estado de pérdida Fuente del sistema de clasificación o colocación Estado dañado Restricciones de uso No para préstamo Código de colección Localización permanente Ubicación/localización actual Fecha de adquisición Total de préstamos Signatura topográfica completa Código de barras Fecha visto por última vez Número de copia Precio válido a partir de Tipo de ítem Koha
    Dewey Decimal Classification   Préstamo interno   Consulta Ingenieria Agroindustrial Ingenieria Agroindustrial 18/01/2022   C 633.73 C34 1960 dia_000850 18/01/2022 1 18/01/2022 Libro